000 00682nas a2200229 4500
001 BR9701245
003 BR-BrBNA
005 20231205100023.0
007 ta
008 230509b bl.|||p| |||| 00| 00por d
040 _aBR-BrBNA
_bpor
_cBiblioteca Nacional de Agricultura
041 _a(Pt)
072 _aF01
100 1 _aFurlan, M.
245 1 _aPlante novalgina; e garanta um metodo bem caseiro para resolver alguns males
650 _aPlanta Medicinal
650 _aMil Folhas
650 _aPratica Cultural
773 0 _tNatureza (Brazil)
_xISSN 0104-3609
_g(Mar 1997), v. 10(2) p. 30-31
_wBR9701245
909 _a202311
_bLúcia
_c55
_dLúcia Elande
942 _2AGRIS
_n0
_cANA
999 _c153955
_d153955